KOHA-Header-6

Power Electronic Systems Theory and Design (Record no. 12194)

000 -LEADER
fixed length control field 00322nam a22001337a 4500
020 ## - INTERNATIONAL STANDARD BOOK NUMBER
ISBN 978-0134428802
082 ## - DEWEY DECIMAL CLASSIFICATION NUMBER
Classification number 621.38
100 ## - MAIN ENTRY--AUTHOR NAME
Personal name Jai P.Agrawal
245 ## - TITLE STATEMENT
Title Power Electronic Systems Theory and Design
260 ## - PUBLICATION, DISTRIBUTION, ETC. (IMPRINT)
Place of publication New Delhi
Name of publisher Pearson
Year of publication 2002
300 ## - PHYSICAL DESCRIPTION
Number of Pages 562
650 ## - SUBJECT ADDED ENTRY--TOPICAL TERM
Topical Term Electrical Engineering
942 ## - ADDED ENTRY ELEMENTS (KOHA)
Koha item type Books
Holdings
Withdrawn status Lost status Collection code Permanent Location Current Location Shelving location Date acquired Full call number Accession Number Koha item type
    Electrical Engineering MAJU MAJU Shelf No.A34 2019-12-07 621.38 9450 Electrical Engineering

Powered by Koha